Türkiye Ortadoğu Çalışmaları Dergisi

Detalles Bibliográficos
Formato: Electrónico Revista
Lenguaje:turco
Publicado: Sakarya, Turkey : Middle East Institute of Sakarya University, 2014-
Materias:
Acceso en línea:Full text available from Research Library: 01/01/2017 to present

MARC

LEADER 00000nas a2200000 i 4500
001 ssj0002118262
003 WaSeSS
005 20200512172242.0
006 m d
007 cr n
008 180612c20149999tu fr p s 0 b0tur c
010 |a  2019268503 
022 |a 2630-5631  |l 2147-7523  |y 2147-7523 
035 |a (WaSeSS)ssj0002118262 
040 |a VT2  |b eng  |c VT2  |d OCLCF  |d VVJ  |d WYU  |d SERSO  |d VT2  |d WaSeSS 
041 |a tur  |b eng  |b tur 
042 |a pcc 
043 |a a-tu---  |a aw----- 
050 4 |a DR471 
222 0 |a Türkiye ortadoğu çalışmaları dergisi :  |b (Online) 
245 0 0 |a Türkiye Ortadoğu Çalışmaları Dergisi  |h [electronic resource]. 
246 1 1 |a Turkish Journal of Middle Eastern Studies 
246 1 |a TJMES 
260 |a Sakarya, Turkey :  |b Middle East Institute of Sakarya University,  |c 2014- 
310 |a Issued two times a year 
362 1 |a Began with: Cilt 1, Saya 1 (Mayis 2014) 
506 |a License restrictions may limit access. 
515 |a Some issues organized around special themes. 
546 |a Articles in Turkish, abstracts in English and Turkish. 
588 |a Description based on: Cilt 1, Sayi 1 (Mayis 2014); title from PDF cover page (publisher's website, viewed March 14, 2019). 
588 |a Latest issue consulted: Cilt 5, Sayi 2 (2018) (viewed Mach 14, 2019). 
650 7 |a Diplomatic relations.  |2 fast  |0 (OCoLC)fst01907412 
650 7 |a Study skills.  |2 fast  |0 (OCoLC)fst01136216 
651 0 |a Turkey  |x Foreign relations  |v Periodicals. 
651 0 |a Middle East  |x Study and teaching  |v Periodicals. 
651 7 |a Middle East.  |2 fast  |0 (OCoLC)fst01241586 
651 7 |a Turkey.  |2 fast  |0 (OCoLC)fst01208963 
655 0 |a Electronic journals. 
776 0 8 |i Print version:  |t Türkiye Ortadoğu Çalışmaları Dergisi  |x 2147-7523 
856 4 0 |z Full text available from Research Library: 01/01/2017 to present  |u https://search.proquest.com/publication/2039406